کہیں کچھ کھو گیا ہے / (Record no. 195673)

MARC details
000 -LEADER
fixed length control field 00651nam a22002177a 4500
005 - DATE AND TIME OF LATEST TRANSACTION
control field 20230607110837.0
010 ## - LCCN (DPL NO)
LC control number UR-11929 UR-11987 UR-12029
020 ## - INTERNATIONAL STANDARD BOOK NUMBER
International Standard Book Number 9788180422300
Terms of availability 200.00
035 ## - SYSTEM CONTROL NUMBER
System control number U-10484
035 ## - SYSTEM CONTROL NUMBER
System control number U-10542
035 ## - SYSTEM CONTROL NUMBER
System control number U-10584
037 ## - SOURCE OF ACQUISITION
Source of stock number/acquisition DBAD/PUB
082 ## - DEWEY DECIMAL CLASSIFICATION NUMBER
Classification number ک
100 ## - MAIN ENTRY--PERSONAL NAME
Personal name انجم عثما نی
245 ## - TITLE STATEMENT
Title کہیں کچھ کھو گیا ہے /
Statement of responsibility, etc انجم عثما نی
246 ## - VARYING FORM OF TITLE
Title proper/short title Kahin kuch kho gaya hai /
Remainder of title by Anjum Usmani
260 ## - PUBLICATION, DISTRIBUTION, ETC. (IMPRINT)
Place of publication, distribution, etc New Delhi
Name of publisher, distributor, etc Ghalib academy
Date of publication, distribution, etc 2011 ء
270 ## - ADDRESS
Address Basti Hazrat Nizamuddin
City New Delhi
300 ## - PHYSICAL DESCRIPTION
Extent 144 ص
Dimensions 22cm(Hb)
942 ## - ADDED ENTRY ELEMENTS (KOHA)
Source of classification or shelving scheme Dewey Decimal Classification
Item type Urdu Bks
Classification part ک
Call number suffix ا ن ج
Holdings
Withdrawn status Lost status Not for loan Collection code Home library Current library Date acquired Source of acquisition Cost, normal purchase price Full call number Barcode Copy number Cost, replacement price Koha item type
      Fiction D.B.Act.Division D.B.Act.Division 07/06/2023 DBAD/PUB 200.00 ک ا ن ج U-10584 1 200.00 Urdu Bks
      Fiction Sarojini Nagar Sarojini Nagar 17/04/2023 DBAD/PUB 200.00 ک ا ن ج U-10484 1 200.00 Urdu Bks
      Fiction Shahdara Branch Shahdara Branch 15/05/2023 DBAD/PUB 200.00 ک ا ن ج U-10542 1 200.00 Urdu Bks

© Delhi Public Library
Hit Counter
free hit counter